00299nam a2200133Ia 4500003000400000005001700004008004100021020001800062040000900080100001800089245003300107260001600140260000900156OSt20231211065458.0170524s9999 xx 000 0 und d a81-7024-975-9 ciimt aSinha - Nishi 0aTourism Perspective in Bihar bA.P.H. Pub. c1998